000 00377nam a2200145Ia 4500
008 230917s9999||||xx |||||||||||||| ||und||
040 _e46518
_aMAIN
041 _aEnglish
082 _a821.8 Y34S:W
100 _aStock, A G
245 0 _aW B Yeats: His property and thought
260 _aCambridge
_bCambridge University Press
_c1964
300 _axii, 355 p.
942 _cBK
999 _c143707
_d143707